| 000 | 00441nam a2200181Ia 4500 | ||
|---|---|---|---|
| 001 | 16281 | ||
| 005 | 20260306170258.0 | ||
| 008 | 260306t1998||||xx |||||||||||||| ||und|| | ||
| 041 | _aESP | ||
| 082 |
_a347.51L _bE92 |
||
| 100 |
_aCathedra (Comp.) _eAUT |
||
| 245 | 0 | _aEstudios a la nueva ley general de sociedades | |
| 260 | _c1998 | ||
| 300 |
_a320 páginas : _c21 cm. |
||
| 650 | _aGEN | ||
| 654 | _aCDE | ||
| 942 |
_cLIB _dJUS _fJUS _2ddc _n |
||
| 999 |
_c16281 _d16281 |
||